书目信息 |
| 题名: |
二十世纪音乐
|
|
| 作者: | 摩根 著 ;陈鸿铎 译 | |
| 分册: | ||
| 出版信息: | 上海 上海音乐出版社 2014 |
|
| 页数: | 19, 619页 | |
| 开本: | 24cm | |
| 丛书名: | 诺顿音乐断代史丛书 | |
| 单 册: | ||
| 中图分类: | J609.15 | |
| 科图分类: | ||
| 主题词: | 音乐史--yin yue shi--世界--20世纪 | |
| 电子资源: | ||
| ISBN: | 978-7-80751-813-6 | |
| 000 | 01714nam 2200325 450 | |
| 001 | 340381 | |
| 005 | 20150625154008.78 | |
| 010 | @a978-7-80751-813-6@b精装@dCNY98.00 | |
| 100 | @a20140604d2014 em y0chiy50 ea | |
| 101 | 1 | @achi@ceng |
| 102 | @aCN@b310000 | |
| 105 | @aag a 001yy | |
| 106 | @ar | |
| 200 | 1 | @a二十世纪音乐@Aer shi shi ji yin yue@e现代欧美音乐风格史@d= Twentieth century music@ea history of musical style in modern Europe and America@f罗伯特·摩根著@fRobert P. Morgan@g陈鸿铎 ... [等] 译@zeng |
| 210 | @a上海@c上海音乐出版社@d2014 | |
| 215 | @a19, 619页@c图, 乐谱@d24cm | |
| 225 | 2 | @a诺顿音乐断代史丛书@Anuo dun yin le duan dai shi cong shu |
| 300 | @a“十二五”国家重点图书出版规划项目 上海音乐学院国家特色重点学科建设项目 上海音乐学院音乐研究课题项目 原版引进 | |
| 305 | @aW. W. 诺顿出版有限公司提供版权 | |
| 320 | @a有书目 (第523-565页)和索引 | |
| 330 | @a本书追溯了二十世纪艺术音乐的众多流派。作者探讨从马勒、理查·施特劳斯和德彪西这类标志性的人物开始, 接着涉及了查尔斯·艾夫斯和沃恩斯·威廉斯为代表的民族主义运动, 勋伯格、贝尔格、韦伯恩和法国六人团所体现的哲性运动, 以及自成一体的巨人如巴托克和斯特拉文斯基。此外, 对于各类“主义”——序列主义、简约主义、偶然主义、新浪漫主义和多元主义, 也都做了清晰地阐释。 | |
| 410 | 0 | @12001 @a诺顿音乐断代史丛书 |
| 500 | 10 | @aTwentieth century music : a history of musical style in modern Europe and America@mChinese |
| 517 | 1 | @a现代欧美音乐风格史@Axian dai ou mei yin yue feng ge shi |
| 606 | 0 | @a音乐史@Ayin yue shi@y世界@z20世纪 |
| 690 | @aJ609.15@v5 | |
| 701 | 1 | @a摩根@Amo gen@g(Morgan, Robert P.),@f1934-@4著 |
| 702 | 0 | @a陈鸿铎@Achen hong duo@4译 |
| 801 | 0 | @aCN@b卓展宏图@c20150525 |
| 905 | @dJ609.15@e669@f4 | |
| 二十世纪音乐:现代欧美音乐风格史= Twentieth century music:a history of musical style in modern Europe and America/罗伯特·摩根著/Robert P. Morgan/陈鸿铎 ... [等] 译.-上海:上海音乐出版社,2014 |
| 19, 619页:图, 乐谱;24cm.-(诺顿音乐断代史丛书) |
| “十二五”国家重点图书出版规划项目 上海音乐学院国家特色重点学科建设项目 上海音乐学院音乐研究课题项目 原版引进 |
| ISBN 978-7-80751-813-6(精装):CNY98.00 |
| 本书追溯了二十世纪艺术音乐的众多流派。作者探讨从马勒、理查·施特劳斯和德彪西这类标志性的人物开始, 接着涉及了查尔斯·艾夫斯和沃恩斯·威廉斯为代表的民族主义运动, 勋伯格、贝尔格、韦伯恩和法国六人团所体现的哲性运动, 以及自成一体的巨人如巴托克和斯特拉文斯基。此外, 对于各类“主义”——序列主义、简约主义、偶然主义、新浪漫主义和多元主义, 也都做了清晰地阐释。 |
| ● |
| 相关链接 |
|
|
|
|
正题名:二十世纪音乐
索取号:J609.15/669
 
预约/预借
| 序号 | 登录号 | 条形码 | 馆藏地/架位号 | 状态 | 备注 |
| 1 | 865445 | 208654455 | 第一样本阅览室/ [索取号:J609.15/669] | 在馆 | |
| 2 | 865446 | 208654464 | 第一借阅区/ [索取号:J609.15/669] | 在馆 | |
| 3 | 865447 | 208654473 | 第一借阅区/ [索取号:J609.15/669] | 在馆 | |
| 4 | 865448 | 208654482 | 第一借阅区/ [索取号:J609.15/669] | 在馆 |